DRAMA and theatre in Nigeria a critical source book
Guardat en:
| Format: | Llibre |
|---|---|
| Idioma: | anglès |
| Publicat: |
Tanus Books
2014
|
| Etiquetes: |
Afegir etiqueta
Sense etiquetes, Sigues el primer a etiquetar aquest registre!
|
MARC
| LEADER | 00000nam a22000007a 4500 | ||
|---|---|---|---|
| 008 | 201208b ||||| |||| 00| 0 eng d | ||
| 020 | |a 978-978-8453-81-9 | ||
| 245 | |a DRAMA and theatre in Nigeria |b a critical source book |c edited by Yemi Ogunbiyi | ||
| 250 | |b 2nd ed. |c Ogunbiyi, Yemi | ||
| 260 | |b Tanus Books |c 2014 |d Book |h Lagos, Nigeria |i 690271 |l PN2990.N6D79 |m Drama |m Theatre | ||
| 942 | |a lcc |c BK |e Adeagbo, OO |f 8/12/2020 | ||
| 952 | |0 0 |1 0 |2 lcc |4 0 |6 PN2990 N6 D79 |7 0 |9 261 |a HOL |b HOL |c LP |d 2020-12-08 |l 0 |o PN2990.N6D79 |p 2020-0201 |r 2020-12-08 00:00:00 |w 2020-12-08 |y BK | ||
| 999 | |c 105 |d 105 | ||